| 000 | 01846nam a22002537a 4500 | ||
|---|---|---|---|
| 003 | URS | ||
| 005 | 20240416181811.0 | ||
| 008 | 240315b |||||||| |||| 00| 0 eng d | ||
| 050 | 0 | 0 |
_aLG 221.R59 _bAn1332019 |
| 100 | 1 |
_aDela Cruz, Analyn V. _eResesarcher |
|
| 245 | 1 | 0 |
_aSocio-Economic Impact of Microfinance in Southvilee 8C San Isidro, Rodriguez, Rizal/ _cEstrada, Ma Diana O. [and] Lamberte, Evangilen S. |
| 300 |
_axi, 71 leaves _billustration _c28 cm |
||
| 336 |
_2text _ardacontent |
||
| 337 |
_2rdamedia _aunmediated |
||
| 338 |
_2rdacarrier _avolume |
||
| 502 |
_aUndergraduate Thesis _bBachelor of Science in Business Administration Major in Financial Management _cUniversity of Rizal System, Rodriguez, Rizal _d2019 |
||
| 520 | _aThis study aimed to find out the Socio-Economic Impact of Microfinance in Southville 8C San Isidro, Rodriguez, Rizal for the academic year 2017-2018 The researchers used descriptive method of research to determine the purpose of the study. The subject of the study was the socio-economic Impact of microfinance in Southville 8C. The respondents of the study were the 9 borrowers that 5 years and above as a member and the ASA Philippines Foundation which mostly known in Southville 8C San Isidro Rodriguez, Rizal for the academic year 2017-2018. They were randomly selected. Interview guide questions was used to identify the findings of the study with adequate interpretation. The results of the study were presented, analyzed and interpreted. | ||
| 650 | _2ocio-Economic Impact of Microfinance in Southville 8C San Isidro, Rodriguez, Rizal | ||
| 700 |
_aEstrada, Ma Diana O. _eResearcher |
||
| 700 |
_aLamberte, Evangilen S. _eResearcher |
||
| 700 |
_aMadriaga, Elsa Mia _eAdviser |
||
| 856 |
_3Online Request for Student Unpublished Works _uhttps://forms.gle/7LqvGGkaDrUQqz429 |
||
| 942 |
_2lcc _cT |
||
| 999 |
_c77994 _d77993 |
||